|
005 -DATA I CZAS OSTATNIEJ MODYFIKACJI [,]
|
-
- @
- pole kontrolne
- 20140520114339.0
|
|
020 -Międzynarod. znormalizowany nr książki - ISBN [ , ]
|
-
- a
- Numer ISBN
- 9780071821438
|
|
020 -Międzynarod. znormalizowany nr książki - ISBN [ , ]
|
-
- a
- Numer ISBN
- 0071821430 (MHID)
|
|
020 -Międzynarod. znormalizowany nr książki - ISBN [ , ]
|
-
- a
- Numer ISBN
- 9780071821469 (book for set)
|
|
020 -Międzynarod. znormalizowany nr książki - ISBN [ , ]
|
-
- a
- Numer ISBN
- 0071821465 (MHID)
|
|
020 -Międzynarod. znormalizowany nr książki - ISBN [ , ]
|
-
- a
- Numer ISBN
- 9780071821445 (book alone)
|
|
020 -Międzynarod. znormalizowany nr książki - ISBN [ , ]
|
-
- a
- Numer ISBN
- 0071821449 (MHID)
|
|
020 -Międzynarod. znormalizowany nr książki - ISBN [ , ]
|
-
- a
- Numer ISBN
- 9780071821490 (ebook and CD set)
|
|
020 -Międzynarod. znormalizowany nr książki - ISBN [ , ]
|
-
- a
- Numer ISBN
- 007182149X (eMHID)
|
|
020 -Międzynarod. znormalizowany nr książki - ISBN [ , ]
|
-
- a
- Numer ISBN
- 9780071821452 (ebook alone)
|
|
020 -Międzynarod. znormalizowany nr książki - ISBN [ , ]
|
-
- a
- Numer ISBN
- 0071821457 (eMHID)
|
|
020 -Międzynarod. znormalizowany nr książki - ISBN [ , ]
|
-
- a
- Numer ISBN
- 9780071819480 (enhanced ebook and CD set)
|
|
020 -Międzynarod. znormalizowany nr książki - ISBN [ , ]
|
-
- a
- Numer ISBN
- 0071819487 (eMHID)
|
|
020 -Międzynarod. znormalizowany nr książki - ISBN [ , ]
|
-
- a
- Numer ISBN
- 9780071821483 (enhanced ebook alone)
|
|
020 -Międzynarod. znormalizowany nr książki - ISBN [ , ]
|
-
- a
- Numer ISBN
- 0071821481 (eMHID)
|
|
040 -Instytucja sporządzająca opis [ , ]
|
-
- a
- Instytucja, która sporządziła opis (NP)
- SZCZ U/SA
-
- c
- Instytucja, która sporządziła rekord (NP)
- SZCZ U/SA
-
- d
- Instytucja, która zmodyfikowała rekord (P)
- SZCZ U/JŚ
|
|
041 -Język dokumentu [0, ]
|
-
- a
- Język tekstu (P)
- angielski
|
|
044 -Kraj miejsca wydania [ , ]
|
-
- a
- Kraj miejsca wydania
- USA
|
|
942 -Rodzaj dokumentu [ , ]
|
-
- c
- Rodzaj dokumentu
- Książka
|
|
920 -ISBN [ , ]
|
-
- a
- ISBN
- 978-0-07-182143-8 (book and CD set)
|
|
920 -ISBN [ , ]
|
-
- a
- ISBN
- 0-07-182143-0 (MHID)
|
|
920 -ISBN [ , ]
|
-
- a
- ISBN
- 978-0-07-182146-9 (book for set)
|
|
920 -ISBN [ , ]
|
-
- a
- ISBN
- 0-07-182146-5 (MHID)
|
|
920 -ISBN [ , ]
|
-
- a
- ISBN
- 978-0-07-182144-5 (book alone)
|
|
920 -ISBN [ , ]
|
-
- a
- ISBN
- 0-07-182144-9 (MHID)
|
|
920 -ISBN [ , ]
|
-
- a
- ISBN
- 978-0-07-182149-0 (e-book and CD set)
|
|
920 -ISBN [ , ]
|
-
- a
- ISBN
- 0-07-182149-X (e-MHID)
|
|
920 -ISBN [ , ]
|
-
- a
- ISBN
- 978-0-07-182145-2 (e-book alone)
|
|
920 -ISBN [ , ]
|
-
- a
- ISBN
- 0-07-182145-7 (e-MHID)
|
|
920 -ISBN [ , ]
|
-
- a
- ISBN
- 978-0-07-181948-0 (enhanced e-book and CD set)
|
|
920 -ISBN [ , ]
|
-
- a
- ISBN
- 0-07-181948-7 (e-MHID)
|
|
920 -ISBN [ , ]
|
-
- a
- ISBN
- 978-0-07-182148-3 (enhanced e-book alone)
|
|
920 -ISBN [ , ]
|
-
- a
- ISBN
- 0-07-182148-1 (e-MHID)
|